000 00626nam a2200205Ia 4500
003 ARRUPE
005 20170113144747.0
008 130303s9999 xx 000 0 und d
020 _a0385053169
040 _cARRUPELIB
050 _aBS1315.3C187
100 _aCampell , Edward F.
_928332
245 _aRuth
_ba new translation with introduction, notes and commentary
_cby Campell , Edward F.
250 _a2nd ed.
260 _aNew york
_bDoubleday & Co.
_c1975
300 _axvii, 188p.;
_c24cm.
440 _aThe anchor bible vol. 7
_928333
650 _aBIBLE OT. Ruth
_yCommentarie
_928334
942 _2lcc
_cMONOGRAPH
999 _c29823
_d29823